000 00329pab a2200145 454500
008 180718b1987 xxu||||| |||| 00| 0 eng d
100 _aGandhi, Rajiv
245 _aNational water policy
260 _c1987
300 _a154-6
362 _aOct.-Dec.
650 _aWater Supply - India
773 _aBhagirath
909 _a20623
999 _c20623
_d20623